Compo de l'équipe de France / Finale CdM 2018 - Statistiques

Statistiques générales
  • Ce quiz a été pris 263 fois
  • Le résultat moyen est 10 sur 11
Statistiques - réponses
Poste Joueur % Correct
G Lloris
99%
AD mbappe
99%
BU giroud
98%
MC kante
97%
MOC griezmann
95%
MC pogba
95%
DC varane
95%
DG hernandez
93%
DD pavard
93%
DC umtiti
92%
AG matuidi
73%
Aucun quiz correspondant
Distribution des résultats
% des personnes avec chaque résultat
Percentile par nombre de réponses
Votre historique - résultats
Vous n’avez pas pris ce quiz